000 00443nam a2200181Ia 4500
003 OSt
005 20260401103846.0
008 250729s2010 xx 000 0 und d
040 _cAL
041 _aeng
082 _a420.25 KART
100 _aKarnataka Govt
_9230775
245 _aEnglish reader - VIIITh std
260 _aBangalore
_bKarnataka Text Book Socity
_c2010
300 _a147p
650 _aEnglish
_9230776
942 _2ddc
_cBED
999 _c238950
_d238950